| 000 | 01213cam a22002651ia4500 | ||
|---|---|---|---|
| 003 | SA-RiAUC | ||
| 005 | 20241218073550.0 | ||
| 008 | 241218s1997 su g 000k0 ara c | ||
| 040 |
_aSA-RiAUC _bara _cSA-RiAUC _erda |
||
| 082 | 0 | 4 |
_a223.6 _qSA-RiAUC |
| 090 |
_a223.6 _bا ب ن ح |
||
| 100 | 1 |
_aابن حجر العسقلاني، أحمد بن علي بن محمد، _d773-852 هجري _eمؤلف. |
|
| 245 | 1 | 2 |
_aالعجاب في بيان الأسباب : _bأسباب النزول / _cأحمد بن علي بن حجر العسقلاني ؛ تحقيق عبد الحكيم محمد الأنيس. |
| 250 | _aالطبعة الأولى. | ||
| 264 | 1 |
_aالدمام، السعودية : _bدار ابن الجوزي، _c1997 |
|
| 300 |
_a2 مجلد ؛ _c24 سم |
||
| 336 |
_aنص _btxt _2rdacontent _3كتاب |
||
| 337 |
_aبدون وسيط _bn _2rdamedia |
||
| 338 |
_aمجلد _bnc _2rdacarrier |
||
| 500 | _aاهداء من المؤلف عبدالحكيم الأنيس بتاريخ 20ذي الحجة 1424 هـ | ||
| 630 | 2 | 7 |
_aالقرآن _xأسباب النزول _2aucut |
| 700 | 1 |
_aالأنيس، عبد الحكيم محمد _eمحقق. |
|
| 942 |
_2ddc _cBOOK |
||
| 949 |
_aSA-JeALM _d241218 _ukhaled123 _n1 |
||
| 999 |
_c3624 _d3624 |
||